[Event "GRE-chT 35th"]
[Site "Ermioni Argolidas"]
[Date "2006.07.04"]
[Round "2"]
[White "Vaisser, Anatoli"]
[Black "Makropoulos, Georgios"]
[Result "1-0"]
[WhiteElo "2568"]
[BlackElo "2382"]
[PlyCount "99"]
[EventDate "2006.07.03"]
[EventType "team"]
[EventRounds "9"]
[EventCountry "GRE"]
[SourceTitle "CBM 113 Extra"]
[Source "ChessBase"]
[SourceDate "2006.09.14"]
[SourceVersion "1"]
[SourceVersionDate "2006.09.14"]
[SourceQuality "1"]

1. d4 Nf6 2. c4 c5 3. d5 g6 4. Nc3 Bg7 5. e4 d6 6. f4 0-0 7. Nf3 a6 8. Bd3 b5 9. 0-0 bxc4 10. Bxc4 Bg4 11. Qe1 Bxf3 12. Rxf3 Nfd7 13. Rh3 Re8 14. Qh4 Nf8 15. f5 Nbd7 16. g4 Ne5 17. Be2 c4 18. Rb1 Rb8 19. g5 Nd3 20. Bxd3 cxd3 21. Rxd3 Rb4 22. Qe1 Qc8 23. Rf3 gxf5 24. exf5 Qc5+ 25. Qf2 Bxc3 26. Qxc5 Bd4+ 27. Qxd4 Rxd4 28. Be3 Rxd5 29. Rc1 Nd7 30. Rc7 Ne5 31. Rf4 Rd1+ 32. Kg2 Rb8 33. b3 Re1 34. Ba7 Re8 35. Ra4 h6 36. h4 hxg5 37. hxg5 Kg7 38. Bf2 Re2 39. Kf1 Rd2 40. Be3 Rb2 41. Bd4 Rd2 42. Bc3 Rd3 43. Ke2 Rg3 44. Rxe7 Rh8 45. Bxe5+ dxe5 46. Rxe5 Rh2+ 47. Kf1 Rgg2 48. Rh4 Rf2+ 49. Ke1 Rhg2 50. f6+ 1-0

[Event "GRE-chT 30th"]
[Site "Athens"]
[Date "2001.??.??"]
[Round "5"]
[White "Makropoulos, Georgios"]
[Black "Mastrovasilis, Athanasios"]
[Result "0-1"]
[WhiteElo "2390"]
[BlackElo "2440"]
[PlyCount "79"]
[EventDate "2001.07.07"]
[EventType "team"]
[EventRounds "9"]
[EventCountry "GRE"]
[SourceTitle "CBM 085 Extra"]
[Source "ChessBase"]
[SourceDate "2002.01.21"]
[SourceVersion "1"]
[SourceVersionDate "2002.01.21"]
[SourceQuality "1"]

1. e4 c5 2. c3 Nf6 3. e5 Nd5 4. d4 cxd4 5. Nf3 e6 6. cxd4 d6 7. a3 Bd7 8. Bd3 Bc6 9. 0-0 Nd7 10. Re1 Be7 11. Qe2 Rc8 12. Bd2 dxe5 13. Nxe5 N7f6 14. Nxc6 bxc6 15. Nc3 0-0 16. Qf3 Qb6 17. Ne2 Qxb2 18. Bg5 Qb8 19. Qh3 Rfe8 20. Rad1 Qd6 21. Bb1 Qxa3 22. Rd3 Qa5 23. Red1 Rb8 24. Rf3 Qa4 25. Rf1 Rxb1 26. Rxb1 Qc2 27. Re1 Bb4 28. Bxf6 Nxf6 29. Nc3 Nd5 30. Nxd5 Bxe1 31. Ne3 Qb1 32. Qh5 Bb4+ 33. Nf1 Qg6 34. Qe5 Bf8 35. h4 Qg4 36. Ne3 Qxh4 37. Nf5 Qf6 38. Qe4 Rd8 39. Nd6 Qg6 40. Nc4 0-1

[Event "GRE-chT 29th"]
[Site "Athens"]
[Date "2000.07.06"]
[Round "1"]
[White "Gogolis, Alexandros"]
[Black "Makropoulos, Georgios"]
[Result "1/2-1/2"]
[WhiteElo "2219"]
[BlackElo "2400"]
[PlyCount "79"]
[EventDate "2000.07.06"]
[EventType "team"]
[EventRounds "8"]
[EventCountry "GRE"]
[SourceTitle "EXT 2001"]
[Source "ChessBase"]
[SourceDate "2000.11.22"]
[SourceVersion "1"]
[SourceVersionDate "2000.11.22"]
[SourceQuality "1"]

1. d4 c5 2. c3 cxd4 3. cxd4 g6 4. Nc3 d5 5. Qb3 Nf6 6. Nf3 Bg7 7. Bg5 e6 8. e3 0-0 9. Be2 Nc6 10. 0-0 h6 11. Bxf6 Bxf6 12. Rfc1 Bd7 13. Na4 Na5 14. Qd1 b6 15. Nc3 a6 16. Rc2 b5 17. Bf1 b4 18. Ne2 Nc4 19. Nf4 Bb5 20. Nd3 a5 21. Nde5 Bxe5 22. Nxe5 Nxe5 23. Bxb5 Rb8 24. Rc5 Nd7 25. Bxd7 Qxd7 26. Rac1 Ra8 27. g3 Rfc8 28. Qc2 Rxc5 29. Qxc5 h5 30. h4 Kg7 31. Kf1 Ra6 32. Qc7 Qb5+ 33. Kg2 Ra8 34. Qe5+ Kg8 35. g4 Qe2 36. gxh5 Qg4+ 37. Qg3 Qxh5 38. Rc7 Qe2 39. Qf4 Rf8 40. Qf6 1/2-1/2

[Event "GRE-ch"]
[Site "Serres"]
[Date "1990.??.??"]
[Round "4"]
[White "Botsari, Anna Maria"]
[Black "Makropoulos, Georgios"]
[Result "1/2-1/2"]
[WhiteElo "2205"]
[BlackElo "2450"]
[PlyCount "47"]
[EventDate "1990.??.??"]
[EventType "tourn"]
[EventRounds "15"]
[EventCountry "GRE"]
[EventCategory "3"]
[SourceTitle "EXT 1997"]
[Source "ChessBase"]
[SourceDate "1996.11.15"]
[SourceVersion "1"]
[SourceVersionDate "1996.11.15"]
[SourceQuality "1"]

1. d4 d6 2. c4 e5 3. Nc3 exd4 4. Qxd4 Nf6 5. g3 Nc6 6. Qd2 Be6 7. Nd5 Ne5 8. b3 Ne4 9. Qe3 f5 10. f3 Nf6 11. Nf4 Bf7 12. Bb2 Qe7 13. Ngh3 h6 14. Bg2 g5 15. Nd3 Nxd3+ 16. Qxd3 Be6 17. f4 0-0-0 18. Qd4 Bg7 19. Qxa7 d5 20. 0-0 Ne4 21. Bxg7 Qxg7 22. Bxe4 fxe4 23. f5 Bf7 24. Rad1 1/2-1/2

[Event "GRE-ch"]
[Site "Serres"]
[Date "1990.??.??"]
[Round "9"]
[White "Makropoulos, Georgios"]
[Black "Pandavos, Emanouel"]
[Result "1/2-1/2"]
[WhiteElo "2450"]
[BlackElo "2370"]
[PlyCount "99"]
[EventDate "1990.??.??"]
[EventType "tourn"]
[EventRounds "15"]
[EventCountry "GRE"]
[EventCategory "3"]
[SourceTitle "EXT 1997"]
[Source "ChessBase"]
[SourceDate "1996.11.15"]
[SourceVersion "1"]
[SourceVersionDate "1996.11.15"]
[SourceQuality "1"]

1. e4 e5 2. Nf3 Nc6 3. Bb5 a6 4. Ba4 Nf6 5. 0-0 b5 6. Bb3 Be7 7. Re1 0-0 8. a4 Bb7 9. c3 d6 10. d4 Nd7 11. Nbd2 Na5 12. Bc2 c5 13. Nf1 cxd4 14. cxd4 Nc6 15. Ne3 Re8 16. d5 Nb4 17. a5 Nxc2 18. Qxc2 Rc8 19. Qb1 g6 20. b4 Rf8 21. h3 Nf6 22. g4 h5 23. Kg2 Kg7 24. Bd2 Qd7 25. Nh2 hxg4 26. hxg4 Rh8 27. f3 Nh7 28. Nhf1 Bg5 29. Ng3 Bxe3 30. Bxe3 Qe7 31. Qb2 Rc4 32. Rac1 Rhc8 33. Rh1 Kg8 34. Qd2 Qd7 35. Bb6 Rxc1 36. Rxc1 Rxc1 37. Qxc1 Nf6 38. Qg5 Nh7 39. Qh4 f6 40. Qh6 Nf8 41. g5 Qh7 42. Qxh7+ Nxh7 43. Bd8 Kf7 44. Bc7 Ke7 45. Nf5+ gxf5 46. g6 Ng5 47. Bd8+ Kf8 48. Bxf6 fxe4 49. Bxg5 Bxd5 50. f4 1/2-1/2

[Event "GRE-ch"]
[Site "Serres"]
[Date "1990.??.??"]
[Round "2"]
[White "Martidis, Alkis"]
[Black "Makropoulos, Georgios"]
[Result "1-0"]
[WhiteElo "2300"]
[BlackElo "2450"]
[PlyCount "81"]
[EventDate "1990.??.??"]
[EventType "tourn"]
[EventRounds "15"]
[EventCountry "GRE"]
[EventCategory "3"]
[SourceTitle "EXT 1997"]
[Source "ChessBase"]
[SourceDate "1996.11.15"]
[SourceVersion "1"]
[SourceVersionDate "1996.11.15"]
[SourceQuality "1"]

1. e4 c5 2. c3 b6 3. d4 Bb7 4. Nd2 cxd4 5. cxd4 Nf6 6. Bd3 Nc6 7. Ngf3 Nb4 8. Bb1 Ba6 9. Nb3 d5 10. e5 Ne4 11. a3 Nc6 12. Bd3 Bxd3 13. Qxd3 e6 14. 0-0 Be7 15. Nbd2 Nxd2 16. Bxd2 Qd7 17. b4 a6 18. Rfe1 b5 19. h4 h6 20. h5 Rc8 21. Bc3 Na7 22. Rec1 0-0 23. Rc2 Rc6 24. Nd2 Nc8 25. Nb3 Nb6 26. Nc5 Qc8 27. Bd2 Nc4 28. Qg3 Kh8 29. Bf4 Bxc5 30. dxc5 Qd7 31. Rd1 f6 32. Re2 fxe5 33. Bxe5 Rf5 34. f4 Rxh5 35. Qg6 Rf5 36. Bxg7+ Qxg7 37. Qe8+ Kh7 38. Qxc6 Rxf4 39. Qxe6 d4 40. Qe8 Ne3 41. Rxe3 1-0

[Event "Athens Akropolis"]
[Site "Athens"]
[Date "1989.??.??"]
[Round "?"]
[White "Abramovic, Bosko"]
[Black "Makropoulos, Georgios"]
[Result "1-0"]
[WhiteElo "2485"]
[BlackElo "2455"]
[PlyCount "73"]
[EventDate "1989.??.??"]
[EventType "tourn"]
[EventRounds "9"]
[EventCountry "GRE"]
[EventCategory "6"]
[SourceTitle "EXT 1999"]
[Source "ChessBase"]
[SourceDate "1998.11.16"]
[SourceVersion "1"]
[SourceVersionDate "1998.11.16"]
[SourceQuality "1"]

1. e4 c5 2. Nc3 e6 3. g3 d5 4. d3 Nf6 5. Bg2 Be7 6. f4 dxe4 7. dxe4 Qxd1+ 8. Nxd1 Nc6 9. Ne3 e5 10. f5 h5 11. h3 g6 12. fxg6 fxg6 13. c3 Be6 14. Nd5 Rd8 15. Nxe7 Kxe7 16. Bg5 Bc4 17. Nf3 Rd6 18. Nd2 Bd3 19. 0-0-0 Rc8 20. Bf1 Rf8 21. Nc4 Bxc4 22. Bxc4 Kd7 23. Rxd6+ Kxd6 24. Rd1+ Kc7 25. Rf1 Nh7 26. Rxf8 Nxf8 27. Bh6 Nh7 28. Bf7 Ne7 29. h4 Nf6 30. Bg5 Nfg8 31. Kd2 Kd6 32. Ke3 b6 33. Kf3 b5 34. g4 hxg4+ 35. Kxg4 c4 36. Bxe7+ Nxe7 37. Kg5 1-0

[Event "EU-chT (Men) 09th"]
[Site "Haifa"]
[Date "1989.??.??"]
[Round "8.5"]
[White "Hickl, Joerg"]
[Black "Makropoulos, Georgios"]
[Result "1-0"]
[WhiteElo "2510"]
[BlackElo "2455"]
[PlyCount "82"]
[EventDate "1989.11.23"]
[EventType "team-swiss"]
[EventRounds "9"]
[EventCountry "ISR"]
[SourceTitle "EU-chT"]
[Source "ChessBase"]
[SourceDate "1999.07.01"]
[SourceVersion "2"]
[SourceVersionDate "1999.07.01"]
[SourceQuality "1"]
[WhiteTeam "German Fed Rep"]
[BlackTeam "Greece"]
[WhiteTeamCountry "GER"]
[BlackTeamCountry "GRE"]

1. e4 c5 2. Nc3 Nc6 3. f4 g6 4. Nf3 Bg7 5. Bb5 Nd4 6. 0-0 a6 7. Bd3 d6 8. Nxd4 cxd4 9. Ne2 Nf6 10. c3 dxc3 11. bxc3 0-0 12. Bc2 Qa5 13. Qe1 Bd7 14. a4 b5 15. Kh1 bxa4 16. Ba3 Bb5 17. Rf3 Qc7 18. f5 d5 19. exd5 Nxd5 20. Ng3 Rfe8 21. fxg6 hxg6 22. Bxg6 fxg6 23. Qe6+ Kh8 24. Qxd5 Rad8 25. Qe4 Qc4 26. d4 Bc6 27. Qh4+ Kg8 28. Ne4 Rd5 29. Re1 Rh5 30. Qg4 Bxe4 31. Qxe4 Rf5 32. h4 e5 33. d5 Qxe4 34. Rxe4 Rxf3 35. gxf3 Rc8 36. c4 Bf8 37. d6 Kf7 38. c5 Ke6 39. Rxa4 Ra8 40. Rg4 e4 41. fxe4 Kd7 1-0

[Event "Athens Akropolis"]
[Site "Athens"]
[Date "1989.??.??"]
[Round "?"]
[White "Skembris, Spyridon"]
[Black "Makropoulos, Georgios"]
[Result "1/2-1/2"]
[WhiteElo "2455"]
[BlackElo "2455"]
[PlyCount "56"]
[EventDate "1989.??.??"]
[EventType "tourn"]
[EventRounds "9"]
[EventCountry "GRE"]
[EventCategory "6"]
[SourceTitle "EXT 1999"]
[Source "ChessBase"]
[SourceDate "1998.11.16"]
[SourceVersion "1"]
[SourceVersionDate "1998.11.16"]
[SourceQuality "1"]

1. d4 d6 2. Nf3 Bg4 3. e4 Nf6 4. h3 Bh5 5. Nc3 Nc6 6. d5 Bxf3 7. gxf3 Nb8 8. f4 c6 9. Bg2 Qc7 10. 0-0 cxd5 11. e5 dxe5 12. fxe5 Qxe5 13. Re1 Qd6 14. Nxd5 Nxd5 15. c4 e5 16. cxd5 Be7 17. f4 Nd7 18. fxe5 Nxe5 19. Bf4 f6 20. Bxe5 fxe5 21. Qh5+ g6 22. Qxe5 Qxe5 23. Rxe5 Kd7 24. Bf3 Bc5+ 25. Kg2 Rae8 26. Rae1 Rxe5 27. Rxe5 Re8 28. Bg4+ Kd8 1/2-1/2

[Event "EU-chT (Men) 09th"]
[Site "Haifa"]
[Date "1989.??.??"]
[Round "5.5"]
[White "Summermatter, Daniel"]
[Black "Makropoulos, Georgios"]
[Result "0-1"]
[WhiteElo "2385"]
[BlackElo "2455"]
[PlyCount "74"]
[EventDate "1989.11.23"]
[EventType "team-swiss"]
[EventRounds "9"]
[EventCountry "ISR"]
[SourceTitle "EU-chT"]
[Source "ChessBase"]
[SourceDate "1999.07.01"]
[SourceVersion "2"]
[SourceVersionDate "1999.07.01"]
[SourceQuality "1"]
[WhiteTeam "Switzerland"]
[BlackTeam "Greece"]
[WhiteTeamCountry "SUI"]
[BlackTeamCountry "GRE"]

1. d4 d6 2. c3 Nf6 3. Bg5 Nbd7 4. Nd2 e5 5. e4 Be7 6. Ngf3 0-0 7. Bd3 exd4 8. cxd4 c5 9. 0-0 cxd4 10. Nxd4 Nc5 11. Bc2 Ne6 12. Nxe6 Bxe6 13. Be3 Ng4 14. Bd4 Bf6 15. Nf3 Ne5 16. Nxe5 dxe5 17. Bc3 Qb6 18. Kh1 Bc4 19. Bd3 Rad8 20. Bxc4 Rxd1 21. Raxd1 Qc7 22. Bb3 Rd8 23. Rxd8+ Bxd8 24. Rd1 Kf8 25. f3 Be7 26. Rd5 f6 27. Rd1 Bc5 28. g3 b5 29. Rd5 a6 30. a4 Qb7 31. axb5 axb5 32. Rd1 Qb6 33. Bd5 b4 34. Bd2 Bd4 35. b3 Bc3 36. Kg2 Qd4 37. Bxc3 bxc3 0-1

[Event "Dortmund-B"]
[Site "Dortmund"]
[Date "1988.??.??"]
[Round "?"]
[White "Keitlinghaus, Ludger"]
[Black "Makropoulos, Georgios"]
[Result "1/2-1/2"]
[WhiteElo "2390"]
[BlackElo "2460"]
[PlyCount "87"]
[EventDate "1988.03.??"]
[EventType "tourn"]
[EventRounds "11"]
[EventCountry "GER"]
[EventCategory "7"]
[SourceTitle "CBM 007"]
[Source "ChessBase"]
[SourceDate "1988.12.01"]
[SourceVersion "1"]
[SourceVersionDate "1988.12.01"]
[SourceQuality "1"]

1. d4 Nf6 2. c3 e6 3. Bg5 c5 4. e3 b6 5. Nf3 Bb7 6. Bd3 h6 7. Bxf6 Qxf6 8. Nbd2 Nc6 9. Qe2 Rc8 10. 0-0 g5 11. Ba6 Bxa6 12. Qxa6 Rc7 13. Nc4 Be7 14. Rad1 0-0 15. Nfe5 Nb8 16. Qa4 d6 17. Ng4 Qg6 18. dxc5 Rxc5 19. Nxd6 Ra5 20. Qc4 Rc5 21. Qa4 Ra5 22. Qc4 Rc5 23. Qe2 h5 24. b4 Rd5 25. Rxd5 exd5 26. Nf5 Bf6 27. Nxf6+ Qxf6 28. Nd4 Rc8 29. Qxh5 Rxc3 30. Nf3 Qg6 31. Qg4 Rc4 32. Nd4 Nc6 33. Qc8+ Kg7 34. Nxc6 Qxc6 35. Qd8 f6 36. h3 Rc1 37. g4 Rxf1+ 38. Kxf1 Qc4+ 39. Kg2 Qxa2 40. b5 Qc4 41. Qe7+ Kg6 42. Qe8+ Kg7 43. Qe7+ Kg6 44. Qe8+ 1/2-1/2

[Event "Dortmund-B"]
[Site "Dortmund"]
[Date "1988.??.??"]
[Round "?"]
[White "Kohlweyer, Bernd"]
[Black "Makropoulos, Georgios"]
[Result "1-0"]
[WhiteElo "2325"]
[BlackElo "2460"]
[PlyCount "95"]
[EventDate "1988.03.??"]
[EventType "tourn"]
[EventRounds "11"]
[EventCountry "GER"]
[EventCategory "7"]
[SourceTitle "CBM 007"]
[Source "ChessBase"]
[SourceDate "1988.12.01"]
[SourceVersion "1"]
[SourceVersionDate "1988.12.01"]
[SourceQuality "1"]

1. d4 Nf6 2. c4 e6 3. g3 c5 4. Nf3 a6 5. Bg2 b5 6. dxc5 Bxc5 7. Ne5 Ra7 8. Nd3 Bd4 9. cxb5 axb5 10. e3 Bb6 11. Nc3 Bb7 12. Bxb7 Rxb7 13. Nxb5 Ba5+ 14. Nc3 Qc7 15. Bd2 Qc4 16. Qe2 0-0 17. 0-0 d6 18. Rfc1 Qa6 19. Rc2 Rc8 20. Rac1 Rbc7 21. Be1 Nbd7 22. b4 Bb6 23. a4 Ba7 24. Nb5 Rxc2 25. Rxc2 Rb8 26. Nb2 Ne5 27. Bc3 Nfd7 28. f4 Ng6 29. Qd3 d5 30. Nxa7 Qxa7 31. Qd4 Qxd4 32. exd4 Ne7 33. Kf2 h5 34. b5 Nf5 35. Ke2 Nf6 36. Kd3 h4 37. gxh4 Nh5 38. Bd2 Nxh4 39. Rc6 Nf5 40. Nd1 Nf6 41. Nc3 Ne7 42. Rc7 Nc8 43. a5 Nd6 44. b6 Nfe8 45. Rc6 Ra8 46. Na4 Nb7 47. Nc5 Nd8 48. b7 1-0

[Event "Dortmund-B"]
[Site "Dortmund"]
[Date "1988.??.??"]
[Round "?"]
[White "Konikowski, Jerzy"]
[Black "Makropoulos, Georgios"]
[Result "0-1"]
[WhiteElo "2390"]
[BlackElo "2460"]
[PlyCount "82"]
[EventDate "1988.03.??"]
[EventType "tourn"]
[EventRounds "11"]
[EventCountry "GER"]
[EventCategory "7"]
[SourceTitle "CBM 007"]
[Source "ChessBase"]
[SourceDate "1988.12.01"]
[SourceVersion "1"]
[SourceVersionDate "1988.12.01"]
[SourceQuality "1"]

1. d4 Nf6 2. c4 e6 3. Nc3 Bb4 4. Qc2 0-0 5. a3 Bxc3+ 6. Qxc3 d6 7. Nf3 Nbd7 8. b4 a5 9. Bb2 axb4 10. axb4 Rxa1+ 11. Bxa1 b6 12. e3 Bb7 13. Be2 Qa8 14. 0-0 Ne4 15. Qb3 g5 16. Rd1 g4 17. Ne1 Qd8 18. Nd3 Qh4 19. d5 b5 20. g3 Qg5 21. dxe6 fxe6 22. Nf4 Qf5 23. cxb5 Ng5 24. Qc3 Ne5 25. Qxc7 Qe4 26. f3 Qxe3+ 27. Kf1 Ngxf3 28. Bxf3 Qxf3+ 29. Ke1 Qe4+ 30. Kf2 Qg2+ 31. Ke3 Qe4+ 32. Kf2 Rc8 33. Qxd6 Rc2+ 34. Rd2 Qf3+ 35. Ke1 Rc1+ 36. Rd1 Qh1+ 37. Kf2 Qf3+ 38. Ke1 Qh1+ 39. Kf2 Qxh2+ 40. Kf1 Rxd1+ 41. Qxd1 Qh1+ 0-1

[Event "Dortmund-B"]
[Site "Dortmund"]
[Date "1988.??.??"]
[Round "?"]
[White "Makropoulos, Georgios"]
[Black "Farago, Ivan"]
[Result "0-1"]
[WhiteElo "2460"]
[BlackElo "2475"]
[PlyCount "60"]
[EventDate "1988.03.??"]
[EventType "tourn"]
[EventRounds "11"]
[EventCountry "GER"]
[EventCategory "7"]
[SourceTitle "CBM 007"]
[Source "ChessBase"]
[SourceDate "1988.12.01"]
[SourceVersion "1"]
[SourceVersionDate "1988.12.01"]
[SourceQuality "1"]

1. f4 d5 2. b3 Nf6 3. Bb2 g6 4. e3 Bg7 5. Nf3 0-0 6. Be2 b6 7. 0-0 Bb7 8. a4 c5 9. a5 bxa5 10. Qc1 Nc6 11. Nc3 d4 12. Na4 Nd7 13. Ne1 Nb4 14. c3 dxc3 15. dxc3 Nd5 16. Bf3 Qc7 17. c4 Bxb2 18. Nxb2 N5f6 19. Qc3 Bxf3 20. gxf3 Rfb8 21. Nbd3 Rb7 22. Nc1 Re8 23. Ned3 e5 24. fxe5 Nxe5 25. Nxe5 Rxe5 26. Rd1 Rb8 27. e4 Rg5+ 28. Kh1 Qf4 29. Ne2 Nxe4 30. Nxf4 Nf2# 0-1

[Event "Athens Akropolis-A"]
[Site "Athens"]
[Date "1988.??.??"]
[Round "?"]
[White "Makropoulos, Georgios"]
[Black "Kotronias, Vasilios"]
[Result "1/2-1/2"]
[WhiteElo "2460"]
[BlackElo "2465"]
[PlyCount "138"]
[EventDate "1988.??.??"]
[EventType "tourn"]
[EventRounds "9"]
[EventCountry "GRE"]
[EventCategory "8"]
[SourceTitle "EXT 2001"]
[Source "ChessBase"]
[SourceDate "2000.11.22"]
[SourceVersion "1"]
[SourceVersionDate "2000.11.22"]
[SourceQuality "1"]

1. e4 c5 2. c3 d6 3. d4 Nf6 4. Bd3 Nc6 5. d5 Ne5 6. Bc2 g6 7. f4 Ned7 8. Nf3 Qc7 9. c4 b5 10. 0-0 Bg7 11. cxb5 a6 12. Nc3 0-0 13. h3 axb5 14. Nxb5 Qb6 15. Nc3 Ba6 16. Re1 Ne8 17. Rb1 Nc7 18. Be3 Bc4 19. Ba4 Nb5 20. Bxb5 Bxb5 21. e5 Qa5 22. Bf2 Ba6 23. Bh4 Rfe8 24. Qd2 Rab8 25. Re3 Nb6 26. b3 Bb7 27. Rbe1 Qa8 28. Rd1 Rbd8 29. exd6 Rxd6 30. Rxe7 Nxd5 31. Nxd5 Rxd5 32. Rxe8+ Qxe8 33. Re1 Qa8 34. Qe2 Bc6 35. Ne5 Bb7 36. Ng4 Bd4+ 37. Kh1 Kg7 38. Bg5 h5 39. Nh2 Bc3 40. Qe7 Rxg5 41. Qxg5 Bxe1 42. Qe5+ Kg8 43. Qxe1 Bxg2+ 44. Kg1 Bxh3 45. Qe2 Qd5 46. Nf3 Bg4 47. Qe8+ Kg7 48. Qe5+ Qxe5 49. Nxe5 Bf5 50. a4 Bc2 51. Nd7 c4 52. bxc4 Bxa4 53. Ne5 f6 54. Nf3 Bc6 55. Nd4 Be4 56. c5 Kf7 57. Kh2 Ke7 58. Kg3 g5 59. fxg5 fxg5 60. c6 h4+ 61. Kg4 Kf6 62. c7 Bb7 63. Nb5 Bc8+ 64. Kf3 Ke5 65. Na7 g4+ 66. Ke3 Bd7 67. c8Q Bxc8 68. Nxc8 h3 69. Kf2 Kf4 1/2-1/2

[Event "Dortmund-B"]
[Site "Dortmund"]
[Date "1988.??.??"]
[Round "?"]
[White "Makropoulos, Georgios"]
[Black "Mainka, Gregor"]
[Result "1/2-1/2"]
[WhiteElo "2460"]
[BlackElo "2260"]
[PlyCount "100"]
[EventDate "1988.03.??"]
[EventType "tourn"]
[EventRounds "11"]
[EventCountry "GER"]
[EventCategory "7"]
[SourceTitle "CBM 007"]
[Source "ChessBase"]
[SourceDate "1988.12.01"]
[SourceVersion "1"]
[SourceVersionDate "1988.12.01"]
[SourceQuality "1"]

1. e4 c5 2. c3 e6 3. d4 d5 4. e5 Nc6 5. Nf3 Bd7 6. a3 Nge7 7. b4 cxd4 8. cxd4 Nf5 9. Bb2 Be7 10. Nc3 f6 11. Bd3 fxe5 12. Bxf5 exd4 13. Nxd5 exd5 14. Nxd4 Bxf5 15. Nxf5 0-0 16. Ne3 d4 17. Qb3+ Kh8 18. Nc4 b5 19. Nd2 Bg5 20. Ne4 Re8 21. f3 Be3 22. Bc1 Rxe4 23. fxe4 Qh4+ 24. Kd1 Qg4+ 25. Ke1 Ne5 26. Bxe3 dxe3 27. Qxe3 Qxg2 28. Rf1 Rd8 29. Qe2 Qg5 30. Rd1 Qh4+ 31. Rf2 Re8 32. Kf1 Ng4 33. Rg2 h5 34. Kg1 Qg5 35. h3 Qe3+ 36. Qxe3 Nxe3 37. Rd7 Nxg2 38. Kxg2 Rxe4 39. Rxa7 Re3 40. Ra5 g6 41. Rxb5 Rxa3 42. Rb7 Rb3 43. b5 Kg8 44. h4 Kf8 45. b6 Ke8 46. Rb8+ Kd7 47. b7 Kc7 48. Rg8 Kxb7 49. Rxg6 Kc7 50. Rg5 Kd7 1/2-1/2

[Event "Athens Akropolis-A"]
[Site "Athens"]
[Date "1988.??.??"]
[Round "?"]
[White "Makropoulos, Georgios"]
[Black "Skalkotas, Nikolaos"]
[Result "1-0"]
[WhiteElo "2460"]
[BlackElo "2295"]
[PlyCount "65"]
[EventDate "1988.??.??"]
[EventType "tourn"]
[EventRounds "9"]
[EventCountry "GRE"]
[EventCategory "8"]
[SourceTitle "EXT 2001"]
[Source "ChessBase"]
[SourceDate "2000.11.22"]
[SourceVersion "1"]
[SourceVersionDate "2000.11.22"]
[SourceQuality "1"]

1. e4 e6 2. b3 d5 3. Bb2 c5 4. exd5 exd5 5. Bb5+ Bd7 6. Bxd7+ Nxd7 7. Qe2+ Qe7 8. Nc3 Ngf6 9. Nb5 Kd8 10. a4 a6 11. Na3 Kc7 12. Qxe7 Bxe7 13. Nf3 Rae8 14. 0-0 Bd6 15. d4 Re2 16. Rfe1 Rhe8 17. Rxe2 Rxe2 18. Kf1 Re8 19. Ng5 Bf4 20. Nf3 Bd6 21. Rd1 b6 22. c4 cxd4 23. cxd5 Bxa3 24. Bxa3 Nxd5 25. Rxd4 N7f6 26. Ng5 b5 27. axb5 axb5 28. Nxf7 Ra8 29. Bb2 Re8 30. Rd2 Re7 31. Ne5 Kb7 32. h3 Re8 33. Ng4 1-0

[Event "Dortmund-B"]
[Site "Dortmund"]
[Date "1988.??.??"]
[Round "?"]
[White "Schmidt, Wlodzimierz"]
[Black "Makropoulos, Georgios"]
[Result "1-0"]
[WhiteElo "2440"]
[BlackElo "2460"]
[PlyCount "69"]
[EventDate "1988.03.??"]
[EventType "tourn"]
[EventRounds "11"]
[EventCountry "GER"]
[EventCategory "7"]
[SourceTitle "CBM 007"]
[Source "ChessBase"]
[SourceDate "1988.12.01"]
[SourceVersion "1"]
[SourceVersionDate "1988.12.01"]
[SourceQuality "1"]

1. Nf3 c5 2. c4 e6 3. Nc3 Nf6 4. g3 b6 5. Bg2 Bb7 6. d4 cxd4 7. Qxd4 d6 8. Bg5 Nbd7 9. Nb5 e5 10. Nxd6+ Bxd6 11. Qxd6 Ne4 12. Bxd8 Nxd6 13. Bg5 Nxc4 14. b3 Na3 15. Rc1 f6 16. Be3 Rc8 17. Rxc8+ Bxc8 18. 0-0 Ba6 19. Rc1 Kd8 20. Bh3 Bxe2 21. Nxe5 fxe5 22. Bg5+ Ke8 23. Rc8+ Kf7 24. Rxh8 Nf8 25. Bg2 Nc2 26. Bd5+ Ke8 27. Bd2 Bh5 28. Be4 Nd4 29. Bb4 Nde6 30. Bd5 Nc5 31. Bc3 Ncd7 32. Bc6 Kf7 33. f4 exf4 34. Bxd7 Nxd7 35. Rxh7 1-0

[Event "Athens Akropolis-A"]
[Site "Athens"]
[Date "1988.??.??"]
[Round "?"]
[White "Skembris, Spyridon"]
[Black "Makropoulos, Georgios"]
[Result "1-0"]
[WhiteElo "2415"]
[BlackElo "2460"]
[PlyCount "61"]
[EventDate "1988.??.??"]
[EventType "tourn"]
[EventRounds "9"]
[EventCountry "GRE"]
[EventCategory "8"]
[SourceTitle "EXT 2001"]
[Source "ChessBase"]
[SourceDate "2000.11.22"]
[SourceVersion "1"]
[SourceVersionDate "2000.11.22"]
[SourceQuality "1"]

1. d4 Nf6 2. c4 e6 3. Nc3 c5 4. d5 exd5 5. cxd5 d6 6. e4 g6 7. Nf3 Bg7 8. Be2 0-0 9. 0-0 Re8 10. Nd2 Nbd7 11. a4 a6 12. f4 Rb8 13. a5 b5 14. axb6 Rxb6 15. Kh1 Qc7 16. Ra4 Nb8 17. Nc4 Rb4 18. e5 dxe5 19. fxe5 Nfd7 20. e6 fxe6 21. dxe6 Nb6 22. Bf4 Qe7 23. Nxb6 Rxb6 24. Nd5 Qxe6 25. Bc4 Kh8 26. Nc7 Qe7 27. Nxe8 Qxe8 28. Bf7 Qf8 29. Re4 Bg4 30. Qxg4 Qxf7 31. Qc8+ 1-0

[Event "GRE-chT"]
[Site "Athens"]
[Date "1987.??.??"]
[Round "?"]
[White "Makropoulos, Georgios"]
[Black "Kotronias, Vasilios"]
[Result "1/2-1/2"]
[WhiteElo "2440"]
[BlackElo "2440"]
[PlyCount "52"]
[EventDate "1987.??.??"]
[EventType "team"]
[EventRounds "11"]
[EventCountry "GRE"]
[SourceTitle "EXT 2004"]
[Source "ChessBase"]
[SourceDate "2003.11.25"]
[SourceVersion "1"]
[SourceVersionDate "2003.11.25"]
[SourceQuality "1"]

1. e4 c6 2. c4 e5 3. d4 d6 4. Nc3 Nd7 5. Nf3 g6 6. Be2 Bg7 7. 0-0 Ngf6 8. d5 cxd5 9. cxd5 0-0 10. Nd2 Ne8 11. Nc4 Nb6 12. Nxb6 Qxb6 13. Be3 Qxb2 14. Qa4 Nf6 15. Rfc1 Bd7 16. Qd1 Rfc8 17. Rab1 Qa3 18. Bd2 Rab8 19. Rb3 Qa5 20. Nb5 Qxa2 21. Ra3 Qb2 22. Rb3 Rxc1 23. Bxc1 Qa1 24. Ra3 Qb1 25. Bd3 Qb4 26. Bd2 Qc5 1/2-1/2